000 00362nam a22001217a 4500
999 _c66660
_d66657
082 _aR/IMS-20
100 _aAdeel Hakeem Soomro
_a16MIAC02
245 _aAnalyzing The Overload Condition of VCO and Peculiar Effect in Voltage Switched Charge PUMP
260 _aNawabshah
_bQUEST
_c2019
300 _a69
856 _uhttps://tinyurl.com/2v8x4sc7
942 _cTHESIS